| 000 | 00746nam a22002057a 4500 | ||
|---|---|---|---|
| 999 |
_c18332 _d18332 |
||
| 003 | AR-CdUCM | ||
| 008 | 190513b ||||| |||| 00| 0 spa d | ||
| 040 |
_aMUNICIPALIDAD PROVINCIAL DEL CUSCO _cBIBLIOTECA MUNICIPAL DEL CUSCO |
||
| 082 |
_22ed. _a208 / _bG69 |
||
| 100 |
_aGonzalez-Balado, Jose Luis _938850 |
||
| 245 | _aEl desafió de Taizé Frere Roger / | ||
| 260 |
_aBarcelona : _bPaulinas, _c1978. |
||
| 300 |
_a207 paginas ; _bIlustraciones, _c19 cm. |
||
| 505 | _aContenido : Un hombre llamado Roger -- Taizé historia y prehistoria -- Retorno del exilio -- Taizé lejos de Taizé... | ||
| 650 |
_aAventuras _927395 |
||
| 650 |
_aVida religiosa _93864 |
||
| 650 |
_aReligión _91195 |
||
| 942 |
_2ddc _cLIBROS |
||
| 945 |
_awnts _d2019-05-13 |
||